MDQL
is popping MORE tags! Check the
thread
!
Quizzes
Events
Quiz Creation
Community
Videos
Private Events
Remove Ads
Sign In
Join for FREE
Feedback
Dark Mode
Quiz Categories
Sports
Geography
Music
Movies
Television
Just For Fun
Miscellaneous
History
Literature
Language
Science
Gaming
Entertainment
Religion
Holiday
For Kids
Quiz Lab
Recent
Popular Today
Quiz Kudos Today
Editor Picks
Curator Picks
Quizzes by...
Day
Popularity
Type
Ratings
Length
Year
Community
Subscriptions
Recent Discussions
Orange Saloon
Badges
Playlists
Quests
Create
Leaderboards
Showdown
Live 5
Trivia Bingo
Activity
Puzzle Library
Sporcle Events
Private Events
Virtual Trivia
Globe League
Become a Host
Pub Owners
SporcleCon
Opinionation
Our Games
Videos
Blog
Mobile Apps
Partnerships
Remove Ads and Go Orange
Feedback
Sports
Athletes
MLB
NBA
NHL
NFL
Soccer
Sports Teams
WWE
NCAA
Football
Premier League
Basketball
Baseball
Hockey
Golf
Tennis
Cricket
Rugby
Auto Racing
Olympics
World Cup
Sports
Athletes
MLB
NBA
NHL
NFL
Soccer
Sports Teams
WWE
NCAA
Football
Premier League
Basketball
Baseball
Hockey
Golf
Tennis
Cricket
Rugby
Auto Racing
Olympics
World Cup
Random Quiz
Search Sporcle
×
Quiz Lab
Quiz Lab
Sports
Football
Type in answers that appear in a list
Type in answers that appear in a list
Classic
Best Score? Go Orange.
Georgia Football Opponents Stats
Can you name every team faced by Georgia football?
By
ehsnewell89
14m
137 Questions
432 Plays
432 Plays
432 Plays
Comments
Comments
Give Quiz Kudos
Give Quiz Kudos
-
- Ratings
hide this ad
Replay
Link that replays current quiz
Next Quiz
Link to next quiz in quiz playlist
You Got
0%
They Got
Avg Score
57%
Avg Friend Score
Upgrade to see
Score Distribution
Jump to the score distribution portion of the page
Score
0/137
Timer
14:00
0
Plays Today
Record Against
Team
% Correct
25-
43-
3
Alabama
98.1%
56-
44-
2
Florida
96.3%
62-
52-
6
Auburn
96%
1-
4
Texas
94.2%
51-
19-
2
South Carolina
93.7%
40-
16-
4
Clemson
93.5%
67-
40-
5
Georgia Tech
93.5%
33-
13-
1
Ole Miss
92.8%
14-
18-
1
LSU
92.5%
28-
22-
2
Tennessee
92.5%
12-
4
Arkansas
91.4%
63-
12-
2
Kentucky
91.1%
16-
6-
2
North Carolina
90.7%
26-
17-
6
Mississippi State
89.7%
7-
4-
1
Florida State
89.3%
60-
17-
2
Vanderbilt
88.8%
1-
0
Oklahoma
88.5%
12-
1
Missouri
88.1%
2-
1
Michigan
87.9%
3-
3
Texas A&M
87.6%
1-
0
Ohio State
86%
0-
3
Southern California
86%
3-
0
Notre Dame
84.6%
1-
0
Pennsylvania
84.6%
6-
0
Georgia Southern
84.4%
7-
4-
1
Miami (FL)
83.2%
0-
1
Miami (OH)
83.2%
9-
6-
3
Virginia
83%
2-
1
Michigan State
81.8%
1-
1
Penn State
81.8%
3-
1
Oklahoma State
81.1%
2-
0
Oregon
80.9%
5-
0
TCU
80.7%
1-
2
Nebraska
79.7%
1-
1
Central Florida
79.5%
2-
0
UCLA
79.5%
2-
1
Virginia Tech
79.3%
0-
0-
1
Arizona
77.9%
6-
1-
1
North Carolina State
77.4%
2-
0
California
76.9%
1-
0
Duke
75.8%
3-
0
Texas Tech
75.8%
2-
0
Wisconsin
75.8%
2-
0
Arizona State
75.3%
1-
1
Colorado
75.3%
0-
1
West Virginia
74.8%
Record Against
Team
% Correct
1-
0
Louisville
74.6%
1-
1
Boise State
74.4%
5-
0
Baylor
73%
0-
3-
1
Pittsburgh
72.7%
3-
0
Oregon State
72.5%
1-
0
Southern
72.3%
3-
0
Arkansas State
70.9%
4-
0
UAB
70.6%
1-
0
Ball State
70.5%
0-
1
Stanford
70.2%
1-
0
Hawaii
69.5%
2-
3-
1
Maryland
69%
4-
0
Louisiana-Monroe
68.8%
0-
2
Navy
68.8%
1-
2
Wake Forest
68.5%
14-
10-
1
Tulane
68.1%
1-
0
Florida Atlantic
67.8%
2-
2
Boston College
66.9%
11-
6-
5
Yale
66.9%
2-
0
Appalachian State
66%
0-
1
Syracuse
66%
1-
0
BYU
65.7%
0-
1
Harvard
65.3%
1-
2-
1
Houston
64.3%
4-
0
New Mexico State
64.3%
2-
0
Louisiana-Lafayette
64.1%
2-
0
Purdue
63.9%
1-
0
SMU
62.9%
3-
2
Southern Mississippi
61.1%
1-
0
Utah State
60.8%
1-
0
Wyoming
60.6%
2-
0
Memphis
60.1%
2-
0
Middle Tennessee State
59.9%
2-
0
Troy
59.9%
3-
0
Cincinnati
58.7%
1-
0
Tennessee-Martin
56.8%
1-
0
East Carolina
56.4%
0-
1
Rice
55.9%
1-
0
Western Kentucky
55.7%
2-
0
Tulsa
55.2%
1-
0
Buffalo
54.8%
1-
0
Central Michigan
54.5%
2-
0
Kent State
53.8%
1-
0
North Texas
53.8%
1-
0
Marshall
52.2%
1-
0
Massachusetts
51.7%
Record Against
Team
% Correct
21-
0
Mercer
51.5%
4-
0
Temple
51.5%
9-
0-
1
The Citadel
50.1%
1-
0
Coastal Carolina
47.8%
3-
0
Samford
45.2%
1-
0
Idaho State
42.7%
3-
3-
1
Sewanee
42%
8-
0-
1
Chattanooga
39.6%
2-
0
Western Carolina
39.2%
1-
0
Austin Peay
39.1%
1-
1
Columbia
38.9%
2-
0
Tennessee Tech
38.5%
20-
2
Furman
37.8%
2-
0
Charleston Southern
37.1%
1-
0
Nicholls State
33.3%
1-
1
Dartmouth
33.1%
4-
0
VMI
32.6%
1-
0
Northwestern State
32.4%
3-
0
Richmond
31%
0-
2
Savannah Athletic Club
29.8%
0-
1
Cumberland (TN)
27%
2-
0
Murray State
26.8%
7-
1
Oglethorpe
24.9%
1-
0
Villanova
24.7%
0-
1
Chicago
23.8%
1-
0
William & Mary
21.2%
0-
0-
1
Fordham
19.3%
3-
3
NYU
19.1%
3-
0
Presbyterian
18.9%
1-
0
Stetson
18.9%
2-
1-
1
Davidson
18.6%
1-
0
George Washington
17.5%
1-
0
Hardin-Simmons
16.6%
1-
1-
1
Centre College
15.6%
6-
0
North Georgia
14.2%
0-
3
Holy Cross
13.3%
1-
0
Duquesne
13.1%
2-
0
Newberry College (SC)
10.7%
2-
0
Cal State-Fullerton
10.3%
0-
0-
1
St. Mary's (CA)
6.8%
1-
0
Locust Grove HS (GA)
5.4%
2-
0
Alabama Presbyterian
5.1%
1-
1
Daniel Field
4.9%
1-
0
Gordon College (MA)
4.7%
1-
0
Jacksonville Naval Air Station
4.4%
Quiz Playlist
Details
Report
Send in Message
Add To Playlist
Classic:
Type in answers that appear in a list
Last Updated: Jan 2, 2024
Quiz Scoreboard
CHALLENGE
Sign Up to Join the Scoreboard
Show All
Scores
Hide
Comments
May contain spoilers
Recently Published
Two Season TV Shows II
by 123Four
Television
10m
Image Sorting: Flags VI
by Barbecue
Geography
2m
Find the 'City' Movie
by crazypaving
Movies
60s
More to Explore
Quiz From the Vault
Featured Blog Post
14 Easter Pick-up Lines to Find Eggs With
hide this ad
You Might Also Like...
Tags
Football Quiz
Against
Georgia (State)
last
opponent
record
team
Today's Top Quizzes in Sports
Browse Sports
hide this ad
Today's Top Quizzes in Football
Browse Football
Top Contributed Quizzes in Sports
1
Les meilleurs buteurs des matchs entre le PSG et l’OM
2
Les entraîneurs de l'OM et du PSG au 21e siècle
3
2022 World Cup Stars
4
Les joueurs passés par le PSG et l'OM
5
Players with Multiple 50 Home Run Seasons
6
FIFA Club World Cup Champions
7
Criteria MLB: Left Handed Sluggers
8
Les joueurs passés par le LOSC et le RC Lens
9
Top 10 NHL Goal Scorers of All Time
10
MLB Players with Two .350 Batting Average Seasons
Explore More
Trending Topics
Harry Potter
Disney
Anime
NBA
Crossword
Kpop
Marvel
Puzzle
Song
NFL
WWE
The Office
Pokémon
Country
Soccer
hide this ad
More By:
ehsnewell89
Quiz
Plays
Rating
Category
Featured
Created
College World Series 1983-2023
3,063
4.82
Sports
Jun 23, 2016
2018 College Baseball Regionals
1,702
5.00
Sports
Jun 10, 2018
2020 NFL Draft
1,593
3.33
Sports
Apr 26, 2020
2021 Summer Olympic Nations
1,079
4.75
Sports
Jul 23, 2021
CFB National Champs (1869-2023)
1,035
4.33
Sports
Jan 15, 2017
Go to Creator's Profile
Score Distribution
Quiz Creator Spotlight
ehsnewell89
Follow
Send a Message
Quizzes Created
-
Created Quiz Play Count
-
More By This Creator
Popular Quizzes Today
1
Find the US States - No Outlines Minefield
2
Colored Red Africa Blitz
3
Find the 'City' Movie
4
5x2 Blitz: Bands
5
The Countries of the World
6
Find the Countries of Europe - No Outlines Minefield
7
Find the US States
8
US States
More Sports Quizzes
WWE NXT Champions
Quiz Lab
Trending Quizzes
Colored Red Europe Blitz I
Colored Red Africa Blitz II
Colored Red Europe Blitz II
Colored Red Africa Blitz III
Colored Red Europe Blitz III
Recently Updated
How Do You Spell That?
pecheneg
Godzilla Movies
pecheneg
Grab Bag: 4-10 Letters
pecheneg
2024 March Madness Bracket
pecheneg
Famous TV Couples
Peacemaker
Champions League XIs: Real Madrid
pecheneg
Largest US Cities 1790-2010
pecheneg
Rides in Walt Disney World
pecheneg
Most Oscar Losses (Acting)
pecheneg
Beyoncé Albums
pecheneg
Trending Topics
Marvel
Anime
NBA
Harry Potter
Kpop
Crossword
Disney
Soccer
Puzzle
Country
The Office
NFL
Song
WWE
Pokémon
Your Account Isn't Verified!
In order to create a playlist on Sporcle, you need to verify the email address you used during registration. Go to your
Sporcle Settings
to finish the process.
Report this User
Report this user for behavior that violates our
Community Guidelines
.
Details:
Send Report
Go to the Sporcle.com Mobile Site →
Comments